|
|
|
|
| LEADER |
00953nam a2200217 a 4500 |
| 001 |
29210 |
| 003 |
BD-DhAAL |
| 008 |
150510r20082008bg 000 0 ben d |
| 020 |
|
|
|a 9847011400198
|
| 040 |
|
|
|a DB-DhAAL
|c DB-DhAAL
|
| 082 |
0 |
0 |
|a 891.44
|
| 100 |
1 |
|
|a ইকবাল, মুহম্মদ জাফর
|9 8824
|
| 245 |
1 |
0 |
|a বৈজ্ঞানিক কল্পকাহিনী অন্ধকারের গ্রহ /
|c মুহম্মদ জাফর ইকবাল
|
| 260 |
|
|
|a ঢাকা :
|b সময়,
|c ২০০৮
|
| 300 |
|
|
|a ১১২ পৃ. ;
|c ২২ সে.মি.
|
| 504 |
|
|
|6 Novel
|
| 541 |
1 |
|
|e 29210
|
| 650 |
|
0 |
|a Bengali fiction
|9 6008
|
| 942 |
|
|
|2 ddc
|c BK
|
| 999 |
|
|
|c 34373
|d 34373
|
| 952 |
|
|
|0 0
|1 0
|2 ddc
|4 0
|6 891_440000000000000_IQB
|7 0
|9 53670
|a BRACUL
|b BRACUL
|c GEN
|d 2015-05-10
|e BRAC Institute of Language (BIL)
|l 8
|m 55
|o 891.44 IQB
|p 3010029210
|r 2025-10-26
|s 2025-07-05
|t 1
|w 2015-05-10
|y BK
|x Transferred from BIL to BRACUL on 06/06/22
|